000 01477cam a22003977a 4500
003 CHAP
005 20220329142841.0
008 040825d2003 mx r 00110 spa d
010 _a88715
011 _a89687
035 _a100238
040 _cCHAP
090 _aTesis
100 0 0 _aLeonides Báez, Monica Lorena.
_966076
245 1 0 _aEstudio ambiental y poblacional de la UMA Agua Nueva, municipio de San Juan de Guadalupe, Dgo.
_c/por Monica Lorena Leonides Báez
260 _aBermejillo, Dgo. :
_bEl autor,
_c2003.
300 _a76 h. :
_bcuadros.; mapas.
502 _aTesis (Ing. Agr. en Sistemas Pecuarios de Zonas Aridas) -- Unidad Regional Universitaria de Zonas Aridas
590 _aALEPH
_b10
_c20130110
_lUCH01
_h1500
590 _aBATCH-UPD
_b10
_c20130110
_lUCH01
_h0720
590 _aBATCH-UPD
_b10
_c20130110
_lUCH01
_h2346
590 _aBATCH-UPD
_b10
_c20130410
_lUCH01
_h0404
590 _aBATCH-UPD
_b10
_c20130914
_lUCH01
_h1722
590 _aCONVERSION
_b10
_c20130109
_lUCH01
_h1349
650 1 4 _aAnimales
_xExtincion.
_95863
650 1 4 _aOdocoileus virginianus.
_982732
650 1 4 _aPastoreo.
_985984
650 1 4 _aVenados
_xAlimentación.
_9118664
650 1 4 _aVida silvestre.
_9119155
650 1 4 _aVida silvestre
_xConservación
_xDurango.
_9119168
901 _aBK
905 _aElisama A. H.
942 _cFOLL
949 _aTesis
_bBC
_cTES
_d100238
_eTS1
_h42473
_i100238
_sb
949 _aTesis
_bBC
_cTES
_d33724000928446
_eTS2
_fc.2
_h42474
_i100238
_si
999 _c88715
_d88715